Missing Word: Peter O'Toole (A-Z) Quiz Stats

 Plays Quiz Updated May 7, 2015

Challenge
Share
Tweet
Embed
Score 0/22 Timer 03:00
0 Plays Today
Hint Missing Word % Correct
Lawrence of _____ Arabia
99.2%
_____ , Mr. Chips Goodbye
90.5%
_____ of La Mancha Man
88.9%
The _____ They Robbed the Bank of EnglandDay
85.2%
What's New _____ Pussycat
84.2%
The Bible: In the _____...Beginning
79.8%
The _____ in Winter Lion
74.1%
Bright _____ ThingsYoung
71.5%
_____ SpiritsHigh
70.2%
The Ruling _____ Class
69.8%
How to _____ a MillionSteal
66.5%
Hint Missing Word % Correct
_____ Milk WoodUnder
65.8%
One Night with the _____ King
57.8%
FairyTale: A _____ StoryTrue
57.2%
My _____ YearFavorite
56.6%
Lord _____ Jim
50.3%
Murphy's _____ War
44.2%
The Last _____ Emperor
43.8%
King _____ Ralph
42.6%
The _____ of the GeneralsNight
42.5%
_____ DawnZulu
33%
The Savage _____ Innocents
4.8%

Today's Daily Dose

Word Ladder
Faux Pas

Quick Pick
Pacific Islands

On This Day
November 20th II

You're not logged in!

Compare scores with friends on all Sporcle quizzes.
Join for Free
OR
Log In

You Might Also Like...

Show Comments

Extras

Top Quizzes Today


Score Distribution

Your Account Isn't Verified!

In order to create a playlist on Sporcle, you need to verify the email address you used during registration. Go to your Sporcle Settings to finish the process.

Report this User

Report this user for behavior that violates our Community Guidelines.

Details: